000 00267nam a22001097a 4500
999 _c260948
_d260947
020 _a9780590216944
100 _aDavid A. Adler
245 _aCam Jansen and the Mystery at the Haunted House
260 _aNew York
_bScholastic
_c1992
300 _a58 pgs
942 _cBK